Southville International School and Colleges
Your cart is empty.
  • Cart
  • Lists
    Public lists Eva Luna New books Lux_list list_1
    Your lists Log in to create your own lists
  • Log in to your account
  • Your cookies
  • Search history
Southville International School and Colleges
  • Advanced search
  • Recent comments
  • Most popular
  • Libraries

Log in to your account

Log in with GOOGLE


If you do not have an external account, but do have a local account, you can still log in:

  1. Home
  2. MARC view: Quantitative analysis for management /
Normal view MARC view ISBD view

Quantitative analysis for management / (Record no. 24766)

[ view plain ]
MARC details
000 -LEADER
fixed length control field 00697nam a2200241 a 4500
005 - DATE AND TIME OF LATEST TRANSACTION
control field 20140310183539.0
008 - FIXED-LENGTH DATA ELEMENTS--GENERAL INFORMATION
fixed length control field 111027s19uu xx 00 eng d
020 ## - INTERNATIONAL STANDARD BOOK NUMBER
International Standard Book Number 0137129904
050 ## - LIBRARY OF CONGRESS CALL NUMBER
Classification number T 56
Item number .R544 2009
100 ## - MAIN ENTRY--PERSONAL NAME
Personal name Render, Barry
245 ## - TITLE STATEMENT
Title Quantitative analysis for management /
Statement of responsibility, etc Barry Render, Ralph M. Stair, Michael E. Hanna.
250 ## - EDITION STATEMENT
Edition statement 10th ed.
260 ## - PUBLICATION, DISTRIBUTION, ETC. (IMPRINT)
Place of publication, distribution, etc New Jersey :
Name of publisher, distributor, etc Pearson Education,
Date of publication, distribution, etc 2009.
300 ## - PHYSICAL DESCRIPTION
Extent 768 p. :
Other physical details ill. col. ;
Dimensions 27 cm.
500 ## - GENERAL NOTE
General note Includes CD
521 ## - TARGET AUDIENCE NOTE
Target audience note
650 ## - SUBJECT ADDED ENTRY--TOPICAL TERM
Topical term or geographic name as entry element Management science
650 ## - SUBJECT ADDED ENTRY--TOPICAL TERM
Topical term or geographic name as entry element Operations research
700 ## - ADDED ENTRY--PERSONAL NAME
Personal name Stair, Ralph M.
700 ## - ADDED ENTRY--PERSONAL NAME
Personal name Hanna, Michael E.
942 ## - ADDED ENTRY ELEMENTS (KOHA)
Koha item type Books
Source of classification or shelving scheme Library of Congress Classification
Call number prefix Foreign
Holdings
Withdrawn status Lost status Source of classification or shelving scheme Damaged status Home library Current library Shelving location Date acquired Source of acquisition Total Checkouts Total Renewals Full call number Barcode Date last seen Date checked out Copy number Price effective from Koha item type
    Library of Congress Classification   College Library College Library General Circulation Section 10/27/2011 Donation 1 10 T 56 .R544 2009 C13229 05/15/2018 09/13/2017 1 10/18/2013 Books

Quantitative analysis for management /

APA

Render B., Stair R. M. & Hanna M. E. (2009). Quantitative analysis for management. New Jersey: Pearson Education.

Chicago

Render Barry, Stair Ralph M and Hanna Michael E. 2009. Quantitative analysis for management. New Jersey: Pearson Education.

Harvard

Render B., Stair R. M. and Hanna M. E. (2009). Quantitative analysis for management. New Jersey: Pearson Education.

MLA

Render Barry, Stair Ralph M and Hanna Michael E. Quantitative analysis for management. New Jersey: Pearson Education. 2009.

  • Place hold
  • Print
  • Cite
  • Add to your cart (remove)
  • Save record
    BIBTEX Dublin Core MARCXML MARC (non-Unicode/MARC-8) MARC (Unicode/UTF-8) MARC (Unicode/UTF-8, Standard) MODS (XML) RIS
  • More searches
    Search for this title in:
    Other Libraries (WorldCat) Other Databases (Google Scholar) Online Stores (Bookfinder.com) Open Library (openlibrary.org)

Exporting to Dublin Core...

SOUTHVILLE LIBRARY

Southville International School and Colleges Library

1281 Tropical Ave. Cor. Luxembourg St., BF Homes International, Las Pinas City

Tel. No. 8256374 / 252358 Loc. 117/146

Powered by Koha